000 03693namaa22004331i 4500
003 OSt
005 20260511122510.0
008 250827s2025 ua a|||frm||| 000 0 eng d
040 _aEG-GICUC
_bara
_cEG-GICUC
_dEG-GICUC
_erda
041 0 _aara
_bara
_beng
049 _aإيداع
082 0 4 _a810.9
092 _a810.9
_221
097 _aمــــاجستير
099 _aCai01.06.01.M.Sc.2025.أس.ح
100 0 _a،أسامة محمود عبد العليم خليل
_eإعداد.
245 1 0 _aحرب 67 وروايتا عائد إلى حيفا لغسان كنفاني ورحلة دانيال لإسحاق أورباز :
_bدراسة مقارنة /
_cإعداد أسامة محمود عبد العليم خليل؛ إشراف أ.د.أحمد إبراهيم درويش، أ.د محمد أحمد صالح، د.أحمد رجب حجازي.
246 1 5 _aThe 67 war and two novels returning to hifa by ghassan kanafani and daniel’s trials by issac orbaz :
_bA comparative study /
264 0 _c2025.
300 _a202 ورقة :
_bإيضاحيات ؛
_c30 سم. +
_eCD.
336 _atext
_2rda content
337 _aUnmediated
_2rdamedia
338 _avolume
_2rdacarrier
502 _aأطروحة (ماجستير)-جامعة القاهرة، 2025.
504 _aببليوجرافيا: صفحات 186-194.
520 _aموضوع هذه الدراسة هو المقارنة بين روايتين على أساس الباعث المشترك لكتابتهما، والهدف هو إثبات أن الباعث المشترك يصلح أساسًا جديدًا للمقارنة، اعتمدت الدراسة على منهج بنائي مقارن يعتمد على الوصف والتحليل، لاستخلاص نقاط التّماس بين الروايتين وتحليلها والمقارنة والمقاربة بينها، ويهدف إلى استخلاص نتائج تتصل بالبحث المشترك للعملين، وأثرهما في المؤلفين، وشخصياتهما، وأحداث الروايتين.وقد توصلت الدراسة إلى إحدى وعشرين نتيجة تثبت وجود تشابه وترابط بين الورايتين محل الدراسة رغم عدم وجود تأثير وتأثر، ورغم عدم تشابه أحداثهما.
520 _aThis study compares two novels, anchored by their shared creative impetus.It seeks to establish The Common Thread as a novel basis for comparison.Using a structural-comparative, descriptive-analytical method,the research uncovers convergences, scrutinizing their impact on authors,characters, and plots. Ultimately, twenty-one conclusions affirm significant affinities and interconnections between the narratives,despite no direct influence, mutual impact, or plot similarity.
530 _aصدر أيضًا كقرص مدمج.
546 _aالنص بالعربية والملخص باللغة الإنجليزية والعربية.
650 7 _aتاريخ ونقد الأدب العربي
_2qrmak
653 0 _aأدب مقارن
_aرواية
_aالباعث المشترك
700 0 _aأحمد إبراهيم درويش
_eمشرف أطروحة.
700 0 _aمحمد أحمد صالح
_eمشرف أطروحة.
700 0 _aأحمد رجب حجازي
_eمشرف أطروحة.
900 _b11-05-2025
_cأحمد إبراهيم درويش
_cمحمد أحمد صالح
_cأحمد رجب حجازي
_Uجامعة القاهرة
_Fكلية دار العلوم
_Dقسم البلاغة والنقد الأدبي والأدب المقارن
905 _aSara
942 _2ddc
_cTH
_e21
_n0
999 _c180098